<?xml version="1.0" encoding="UTF-8"?>
<record
    xmlns:xsi="http://www.w3.org/2001/XMLSchema-instance"
    xsi:schemaLocation="http://www.loc.gov/MARC21/slim http://www.loc.gov/standards/marcxml/schema/MARC21slim.xsd"
    xmlns="http://www.loc.gov/MARC21/slim">

  <leader>04338njm a2200601Ia 4500</leader>
  <controlfield tag="001">83635</controlfield>
  <controlfield tag="003">IT-RoPAU</controlfield>
  <controlfield tag="005">20220918181158.0</controlfield>
  <controlfield tag="008">131025s9999    xx            000 0 und d</controlfield>
  <datafield tag="040" ind1=" " ind2=" ">
    <subfield code="a">IT-RoPAU</subfield>
  </datafield>
  <datafield tag="040" ind1=" " ind2=" ">
    <subfield code="c">IT-RoPAU</subfield>
  </datafield>
  <datafield tag="041" ind1=" " ind2=" ">
    <subfield code="a">ITALIANO</subfield>
  </datafield>
  <datafield tag="999" ind1=" " ind2=" ">
    <subfield code="c">102807</subfield>
    <subfield code="d">102807</subfield>
  </datafield>
  <datafield tag="999" ind1=" " ind2=" ">
    <subfield code="b">n.d.</subfield>
  </datafield>
  <datafield tag="100" ind1=" " ind2=" ">
    <subfield code="a">AA.VV.</subfield>
    <subfield code="9">794</subfield>
  </datafield>
  <datafield tag="100" ind1=" " ind2=" ">
    <subfield code="e">Autore musica</subfield>
    <subfield code="9">26318</subfield>
  </datafield>
  <datafield tag="100" ind1=" " ind2=" ">
    <subfield code="g">Codice autore musica SPICS: 12000</subfield>
    <subfield code="9">796</subfield>
  </datafield>
  <datafield tag="245" ind1=" " ind2=" ">
    <subfield code="a">Trentaduesimo Zecchino d'Oro</subfield>
  </datafield>
  <datafield tag="250" ind1=" " ind2=" ">
    <subfield code="a">1a ed.</subfield>
  </datafield>
  <datafield tag="260" ind1=" " ind2=" ">
    <subfield code="a">ITALIA</subfield>
  </datafield>
  <datafield tag="260" ind1=" " ind2=" ">
    <subfield code="b">FONIT</subfield>
    <subfield code="c">1989 [1a Ed.:1989 - Ed. Lingua Orig.: 1989]</subfield>
  </datafield>
  <datafield tag="300" ind1=" " ind2=" ">
    <subfield code="a">DISCO</subfield>
  </datafield>
  <datafield tag="300" ind1=" " ind2=" ">
    <subfield code="c">42 minuti (Testo: 0 pag.)</subfield>
  </datafield>
  <datafield tag="500" ind1=" " ind2=" ">
    <subfield code="a">Quindicesima rassegna internazionale di canzoni per bambini patrocinata dall'Unicef fondo delle Nazioni Unite per l'infanzia</subfield>
  </datafield>
  <datafield tag="505" ind1=" " ind2=" ">
    <subfield code="a">Il triangolo Pai&#xF9; [(Cioli Francesco) (3:00)] - Come sta il beb&#xE8;? [(Id&#xF2; Edwige) (4:00)] - Il naufrago [(Pirani Michele) (4:00)] - Mettiamoci a ballare [(Olczedajewska Karolina) (3:00)] - Corri Topolino [(Torselli Nikolas) (3:00)] - Amsterdam [(Tulpen Uit Amsterdam - Olanda) (Durlacher Sidney) (4:00)] - Ho visto un re [(Neglia Miriam) (3:00)] - L'allegria [(Cintecel de voie buna - Romania) (Constantinescu Roxana) (4:00)] - Ho paura, pap&#xE0;! [(Pinna Barbara) (4:00)] - Il bambino che vale un Per&#xF9; [(Festejo de Navidad - Per&#xF9;) (Castro Bardalez Karen) (4:00)] - Canzone della gioia [(Maggioni Martina) (4:00)] - Io darei non so che [(Bolot Laetitia) (4:00)]</subfield>
  </datafield>
  <datafield tag="511" ind1=" " ind2=" ">
    <subfield code="a">Piccolo Coro dell'Antoniano</subfield>
  </datafield>
  <datafield tag="650" ind1=" " ind2=" ">
    <subfield code="a">CANTI BAMBINI [DISCHI]</subfield>
    <subfield code="e">Codice MATERIA SPICS: 9950</subfield>
    <subfield code="9">2086</subfield>
  </datafield>
  <datafield tag="700" ind1=" " ind2=" ">
    <subfield code="a">Piccolo Coro dell'Antoniano</subfield>
    <subfield code="g">Codice interprete SPICS: 14061</subfield>
    <subfield code="e">Interprete</subfield>
    <subfield code="9">26319</subfield>
  </datafield>
  <datafield tag="700" ind1=" " ind2=" ">
    <subfield code="a">Testa Alberto</subfield>
    <subfield code="g">Codice autore testo/musica SPICS: 785</subfield>
    <subfield code="e">Autore testo/musica</subfield>
    <subfield code="p">Il triangolo Pai&#xF9;</subfield>
    <subfield code="9">26323</subfield>
  </datafield>
  <datafield tag="700" ind1=" " ind2=" ">
    <subfield code="a">Anonimo</subfield>
    <subfield code="g">Codice autore musica SPICS: 2620</subfield>
    <subfield code="e">Autore musica</subfield>
    <subfield code="p">Come sta il beb&#xE8;?</subfield>
    <subfield code="9">26324</subfield>
  </datafield>
  <datafield tag="700" ind1=" " ind2=" ">
    <subfield code="a">Martelli Augusto</subfield>
    <subfield code="g">Codice autore SPICS: 11006</subfield>
    <subfield code="e">Autore</subfield>
    <subfield code="p">Come sta il beb&#xE8;?</subfield>
    <subfield code="9">26325</subfield>
  </datafield>
  <datafield tag="700" ind1=" " ind2=" ">
    <subfield code="a">Rossi Fernando</subfield>
    <subfield code="g">Codice autore testo/musica SPICS: 29485</subfield>
    <subfield code="e">Autore testo/musica</subfield>
    <subfield code="p">Come sta il beb&#xE8;?</subfield>
    <subfield code="9">26326</subfield>
  </datafield>
  <datafield tag="700" ind1=" " ind2=" ">
    <subfield code="a">Bertocchi Andrea</subfield>
    <subfield code="g">Codice autore SPICS: 15987</subfield>
    <subfield code="e">Autore</subfield>
    <subfield code="p">Il naufrago</subfield>
    <subfield code="9">26327</subfield>
  </datafield>
  <datafield tag="700" ind1=" " ind2=" ">
    <subfield code="a">Bussoli Gino</subfield>
    <subfield code="g">Codice autore testo/musica SPICS: 28571</subfield>
    <subfield code="e">Autore testo/musica</subfield>
    <subfield code="p">Il naufrago</subfield>
    <subfield code="9">26328</subfield>
  </datafield>
  <datafield tag="700" ind1=" " ind2=" ">
    <subfield code="a">Pallasz Edward</subfield>
    <subfield code="g">Codice autore musica SPICS: 29486</subfield>
    <subfield code="e">Autore musica</subfield>
    <subfield code="p">Mettiamoci a ballare</subfield>
    <subfield code="9">26329</subfield>
  </datafield>
  <datafield tag="700" ind1=" " ind2=" ">
    <subfield code="a">Sygietynski Tadeusz</subfield>
    <subfield code="g">Codice autore SPICS: 29487</subfield>
    <subfield code="e">Autore</subfield>
    <subfield code="p">Mettiamoci a ballare</subfield>
    <subfield code="9">26330</subfield>
  </datafield>
  <datafield tag="700" ind1=" " ind2=" ">
    <subfield code="a">Buonassisi Vincenzo</subfield>
    <subfield code="g">Codice autore testo/musica SPICS: 26075</subfield>
    <subfield code="e">Autore testo/musica</subfield>
    <subfield code="p">Mettiamoci a ballare</subfield>
    <subfield code="9">26331</subfield>
  </datafield>
  <datafield tag="700" ind1=" " ind2=" ">
    <subfield code="a">Rinaldi Francesco</subfield>
    <subfield code="g">Codice autore testo/musica SPICS: 26049</subfield>
    <subfield code="e">Autore testo/musica</subfield>
    <subfield code="p">Corri Topolino</subfield>
    <subfield code="9">26332</subfield>
  </datafield>
  <datafield tag="700" ind1=" " ind2=" ">
    <subfield code="a">Arnie Ralf</subfield>
    <subfield code="g">Codice autore musica SPICS: 27564</subfield>
    <subfield code="e">Autore musica</subfield>
    <subfield code="p">Amsterdam</subfield>
    <subfield code="9">26333</subfield>
  </datafield>
  <datafield tag="700" ind1=" " ind2=" ">
    <subfield code="a">Parazzini Ermanno</subfield>
    <subfield code="g">Codice autore testo/musica SPICS: 23291</subfield>
    <subfield code="e">Autore testo/musica</subfield>
    <subfield code="p">Amsterdam</subfield>
    <subfield code="9">26334</subfield>
  </datafield>
  <datafield tag="700" ind1=" " ind2=" ">
    <subfield code="a">Muzak</subfield>
    <subfield code="g">Codice autore testo/musica SPICS: 29494</subfield>
    <subfield code="e">Autore testo/musica</subfield>
    <subfield code="p">Ho visto un re</subfield>
    <subfield code="9">26335</subfield>
  </datafield>
  <datafield tag="700" ind1=" " ind2=" ">
    <subfield code="a">Pascanu Alexandru</subfield>
    <subfield code="g">Codice autore musica SPICS: 29496</subfield>
    <subfield code="e">Autore musica</subfield>
    <subfield code="p">L'allegria</subfield>
    <subfield code="9">26336</subfield>
  </datafield>
  <datafield tag="700" ind1=" " ind2=" ">
    <subfield code="a">Tuminelli Sandro</subfield>
    <subfield code="g">Codice autore testo/musica SPICS: 25258</subfield>
    <subfield code="e">Autore testo/musica</subfield>
    <subfield code="p">L'allegria</subfield>
    <subfield code="9">26337</subfield>
  </datafield>
  <datafield tag="700" ind1=" " ind2=" ">
    <subfield code="a">Aprile Nicola</subfield>
    <subfield code="g">Codice autore musica SPICS: 29498</subfield>
    <subfield code="e">Autore musica</subfield>
    <subfield code="p">Ho paura, pap&#xE0;!</subfield>
    <subfield code="9">26338</subfield>
  </datafield>
  <datafield tag="700" ind1=" " ind2=" ">
    <subfield code="a">Sessa Vitali Vittorio</subfield>
    <subfield code="g">Codice autore testo/musica SPICS: 26086</subfield>
    <subfield code="e">Autore testo/musica</subfield>
    <subfield code="p">Ho paura, pap&#xE0;!</subfield>
    <subfield code="9">26339</subfield>
  </datafield>
  <datafield tag="700" ind1=" " ind2=" ">
    <subfield code="a">Bittrich Herbert</subfield>
    <subfield code="g">Codice autore musica SPICS: 29500</subfield>
    <subfield code="e">Autore musica</subfield>
    <subfield code="p">Il bambino che vale un Per&#xF9;</subfield>
    <subfield code="9">26340</subfield>
  </datafield>
  <datafield tag="700" ind1=" " ind2=" ">
    <subfield code="a">Denti Paolo</subfield>
    <subfield code="g">Codice autore SPICS: 29501</subfield>
    <subfield code="e">Autore</subfield>
    <subfield code="p">Il bambino che vale un Per&#xF9;</subfield>
    <subfield code="9">26341</subfield>
  </datafield>
  <datafield tag="700" ind1=" " ind2=" ">
    <subfield code="a">Beretta Luciano</subfield>
    <subfield code="g">Codice autore testo/musica SPICS: 13864</subfield>
    <subfield code="e">Autore testo/musica</subfield>
    <subfield code="p">Il bambino che vale un Per&#xF9;</subfield>
    <subfield code="9">26342</subfield>
  </datafield>
  <datafield tag="700" ind1=" " ind2=" ">
    <subfield code="a">Castellari Corrado</subfield>
    <subfield code="g">Codice autore musica SPICS: 29503</subfield>
    <subfield code="e">Autore musica</subfield>
    <subfield code="p">Canzone della gioia</subfield>
    <subfield code="9">26343</subfield>
  </datafield>
  <datafield tag="700" ind1=" " ind2=" ">
    <subfield code="a">Soldi Mara</subfield>
    <subfield code="g">Codice autore testo/musica SPICS: 26085</subfield>
    <subfield code="e">Autore testo/musica</subfield>
    <subfield code="p">Canzone della gioia</subfield>
    <subfield code="9">26344</subfield>
  </datafield>
  <datafield tag="700" ind1=" " ind2=" ">
    <subfield code="a">Bellanger Egide</subfield>
    <subfield code="g">Codice autore musica SPICS: 29505</subfield>
    <subfield code="e">Autore musica</subfield>
    <subfield code="p">Io darei non so che</subfield>
    <subfield code="9">26345</subfield>
  </datafield>
  <datafield tag="700" ind1=" " ind2=" ">
    <subfield code="a">Calabrese Giorgio</subfield>
    <subfield code="g">Codice autore testo/musica SPICS: 1368</subfield>
    <subfield code="e">Autore testo/musica</subfield>
    <subfield code="p">Io darei non so che</subfield>
    <subfield code="9">26346</subfield>
  </datafield>
  <datafield tag="942" ind1=" " ind2=" ">
    <subfield code="c">MD</subfield>
    <subfield code="2">ddc</subfield>
  </datafield>
  <datafield tag="952" ind1=" " ind2=" ">
    <subfield code="0">0</subfield>
    <subfield code="1">0</subfield>
    <subfield code="4">0</subfield>
    <subfield code="6">83635_000000000000000</subfield>
    <subfield code="7">1</subfield>
    <subfield code="a">SPICS</subfield>
    <subfield code="b">SPICS</subfield>
    <subfield code="d">2013-10-25</subfield>
    <subfield code="l">0</subfield>
    <subfield code="o">83635</subfield>
    <subfield code="r">2013-10-25 00:00:00</subfield>
    <subfield code="w">2013-10-25</subfield>
    <subfield code="y">MD</subfield>
    <subfield code="z">Progr. Ins.: 21080 / N.Vol.: 1 / Copie: 1 - Copia rara: n.d. / date import: 01.01.2014 - By Epidotti, Trombetti, Vaglietti</subfield>
  </datafield>
</record>
